| 000 | 00541nam a2200181Ia 4500 | ||
|---|---|---|---|
| 001 | 17580 | ||
| 008 | 140405s9999 xx 000 0 und d | ||
| 020 | _a0-13-372020-9 | ||
| 040 | _cPK-LaUMT | ||
| 082 |
_a 510 _bBAR-C |
||
| 100 | _aMichael R. Ziegler | ||
| 245 |
_aCollege mathematics: _bFor business, economics life sceinces, and social sciences. _cMichael R. Ziegler<>Raymond A. Barnett |
||
| 260 |
_aUpper Saddle River,USA: _bPrentice Hall, _c1996 |
||
| 300 | _a1134 p. | ||
| 546 | _aEN | ||
| 700 | _aRaymond A. Barnett | ||
| 942 | _cBK | ||
| 999 |
_c17996 _d17996 |
||